Pick the Vintage Game Show Host Quiz Stats

 Plays Quiz Updated Jul 27, 2017

Support Sporcle.
Go Orange.
Score 0/20 Timer 05:00
0 Plays Today
% Correct
Alex Trebek
90.9%
Dick Clark
85.7%
Richard Dawson
82.4%
Groucho Marx
82%
Bob Barker
78.1%
Gene Rayburn
71.4%
Bob Eubanks
70.5%
Wink Martindale
66.3%
Monty Hall
66.1%
Bert Convy
64.8%
% Correct
Chuck Barris
62.8%
Allen Ludden
61%
Bill Cullen
57.2%
Tom Kennedy
51.2%
Peter Tomarken
51.1%
Jim Lange
49.7%
Jim Perry
48%
Peter Marshall
47.1%
Geoff Edwards
44.5%
Jack Barry
41.3%

You're not logged in!

Compare scores with friends on all Sporcle quizzes.
OR
Log In
Forgot?

From the Vault

Name a Bordering Country

by Flick

Some of these countries just have so many neighbors.
Remove Ads.
Support Sporcle.
Get the best of Sporcle when you Go Orange. This ad-free experience offers more features, more stats, and more fun while also helping to support Sporcle. Thank you for becoming a member.

Show Comments

Extras

Top Quizzes Today


Score Distribution

Your Account Isn't Verified!

In order to create a playlist on Sporcle, you need to verify the email address you used during registration. Go to your Sporcle Settings to finish the process.

Report this User

Report this user for behavior that violates our Community Guidelines.

Details: